Environment, Food and Rural Affairs seventh report (Record no. 107388)

MARC details
000 -LEADER
fixed length control field 01753cai a22002295a 4500
001 - CONTROL NUMBER
control field L139964
008 - FIXED-LENGTH DATA ELEMENTS--GENERAL INFORMATION
fixed length control field 070823e20072307xxk g f000 0 eng d
035 ## - SYSTEM CONTROL NUMBER
System control number (Sirsi) u139964
041 0# - LANGUAGE CODE
Language code of text/sound track or separate title eng
050 04 - LIBRARY OF CONGRESS CALL NUMBER
Classification number 386.1 $2 18
110 2# - MAIN ENTRY--CORPORATE NAME
Corporate name or jurisdiction name as entry element United Kingdom
Subordinate unit Parliament
-- House of Commons
-- Environment, Food and Rural Affairs Select Committee
9 (RLIN) 5328
245 00 - TITLE STATEMENT
Title Environment, Food and Rural Affairs seventh report
Remainder of title British waterways
260 ## - PUBLICATION, DISTRIBUTION, ETC.
Place of publication, distribution, etc. London
Name of publisher, distributor, etc. UK Parliament
Date of publication, distribution, etc. 2007
490 #0 - SERIES STATEMENT
Series statement HC
Volume/sequential designation 345-I
505 2# - FORMATTED CONTENTS NOTE
Formatted contents note Terms of reference -- Report -- Summary --Introduction -- Improvements to British Waterways' network over the past decade -- Impact of recent grant reductions -- Funding levels in the comprehensive spending review 2007 period -- Changes to British Waterways' financial and regulatory framework -- Bristish Waterways' commercial activities -- Potential for growth in leisure use of the waterways network -- British Waterways' relationship with its users -- Bristish Waterways' partnership working -- British Waterways's relationship with government -- Conclusions and recommendations
520 ## - SUMMARY, ETC.
Summary, etc. Expresses concern at the implications of likely lower grant levels from 2008-09 to 2010-11 and on British Waterways' (BW) ability to maintain the waterways network to an acceptable standard. Recommends that BW and Defra work together closely to agree a settlement that ensures the long-term stability of the waterways network.
590 ## - LOCAL NOTE (RLIN)
Local note ka
651 #4 - SUBJECT ADDED ENTRY--GEOGRAPHIC NAME
Geographic name United Kingdom
Chronological subdivision
690 ## - LOCAL SUBJECT ADDED ENTRY--TOPICAL TERM (OCLC, RLIN)
Topical term or geographic name as entry element PROPERTY-INFRASTRUCTURE-TRANSPORT INFRASTRUCTURE-WATER TRANSPORT AND PROTECTION INFRASTRUCTURE
856 48 - ELECTRONIC LOCATION AND ACCESS
Uniform Resource Identifier <a href="https://www.publications.parliament.uk/pa/cm/cmenvfru.htm">https://www.publications.parliament.uk/pa/cm/cmenvfru.htm</a>
Public note View the item free of charge at: www.publications.parliament.uk/...
942 ## - ADDED ENTRY ELEMENTS (KOHA)
Suppress in OPAC 0

No items available.